000
00263nam a2200109Ia 4500
008
200302s9999 xx 000 0 und d
100
_a
Christopher benninger
245
_a
Letters to a young architect
260
_b
C C B A Pvt. Ltd
260
_c
2011
300
_a
217
999
_c
6329
_d
6329